German Flags Through History - Statistics

General Stats
  • This quiz has been taken 152 times
    68 since last reset
  • The average score is 8 of 12
Answer Stats
Picture Answer % Correct
Prussia
90%
East Germany
88%
Nazi Germany
88%
Holy Roman Empire
84%
West Germany
84%
Empire of Germany
82%
Germany
82%
Bavaria
71%
Saxony
51%
Weimar Republic
51%
Württemberg
31%
Occupied Germany
24%
No matching quizzes found
Score Distribution
Percent of People with Each Score
Percentile by Number Answered
Your Score History
You have not taken this quiz since the last reset